Rozpočtový proces verejnej správy tézy
Význam tvorby rozpočtu ako aj celého rozpočtového procesu vo verejnej správe. Programový rozpočet a jeho osobitosti.
Enregistré dans:
| Auteur principal: | |
|---|---|
| Autres auteurs: | |
| Format: | Chapitre de livre |
| Langue: | slovaque |
| Sujets: | |
| Tags: |
Pas de tags, Soyez le premier à ajouter un tag!
|
MARC
| LEADER | 00000naa a2200000 4500 | ||
|---|---|---|---|
| 001 | 0117821 | ||
| 005 | 20240502124733.0 | ||
| 041 | 0 | |a slo | |
| 044 | |a SK | ||
| 245 | 1 | 0 | |a Rozpočtový proces verejnej správy |b tézy |c Peter Velecký, Helena Strážovská |
| 520 | |a Význam tvorby rozpočtu ako aj celého rozpočtového procesu vo verejnej správe. Programový rozpočet a jeho osobitosti. | ||
| 610 | 2 | 0 | |a rozpočet štátny |
| 610 | 2 | 0 | |a správa verejná |
| 610 | 2 | 0 | |a predpisy |
| 610 | 2 | 0 | |a pravidlá rozpočtové |
| 100 | 1 | |a Velecký, Peter | |
| 700 | 1 | |a Strážovská, Helena | |